| 000 | 00513nam a2200205Ia 4500 | ||
|---|---|---|---|
| 003 | OSt | ||
| 005 | 20230622092930.0 | ||
| 008 | 210423s1999 xx 000 0 und d | ||
| 020 | _a851993303 | ||
| 040 | _cAL | ||
| 041 | _aeng | ||
| 082 | _a641.375 SIMJ | ||
| 100 |
_aSIM (J S);others,Ed. _998884 |
||
| 245 | _aEgg nutrition and biotechnology. | ||
| 260 |
_aNew Delhi _bCABI Publishing _c1999 |
||
| 300 |
_axxiv,495 _bPB |
||
| 365 | _cINR | ||
| 906 | _abiotechnology. ; Egg ; nutrition | ||
| 942 |
_2ddc _cBK |
||
| 999 |
_c163390 _d163390 |
||